Welcome to the Holygrace Academy Library

Please use search bar below to get started

POCAHONTAS (Record no. 3412)

MARC details
000 -LEADER
fixed length control field 00256nam a22001217a 4500
020 ## - INTERNATIONAL STANDARD BOOK NUMBER
ISBN 0-307-12886-5
082 ## - DEWEY DECIMAL CLASSIFICATION NUMBER
Classification number 823
Item number LUN/P
100 ## - MAIN ENTRY--AUTHOR NAME
Personal name LUNDELL, MARGO
245 ## - TITLE STATEMENT
Title POCAHONTAS
260 ## - PUBLICATION, DISTRIBUTION, ETC. (IMPRINT)
Place of publication USA
Name of publisher DISNEY
650 ## - SUBJECT ADDED ENTRY--TOPICAL TERM
Topical Term ENGLISH SHORT STORY
Geographic subdivision USA
942 ## - ADDED ENTRY ELEMENTS (KOHA)
Koha item type Books
Holdings
Withdrawn status Lost status Collection code Home library Current library Shelving location Date acquired Source of acquisition Full call number Accession Number Koha item type
    Fiction Main Library Main Library SHELF 3- E- ENGLISH CHILDRENS LITERATURE &MYTHOLOGY 15/05/2010 PURCHASE 823 LUN/P 05064 Books